| 000 | 00736nam a22002057a 4500 | ||
|---|---|---|---|
| 005 | 20251108164345.0 | ||
| 008 | 250721s1996 xx 000 0 ara d | ||
| 082 | 1 | 4 | _a398.809564/درب |
| 100 | 1 | _aالدرباشي، عبد المعطي عبد الرحمن | |
| 245 | 1 | 0 |
_aفن السامر في جنوب فلسطين : _bدراسة علمية تحليلية / |
| 264 | 1 |
_aعمان : _bدار الينابيع للنشر و التوزيع، _c1996. |
|
| 300 | _a173ص. | ||
| 490 | 0 |
_aفي الفنون الشعبي الفلسطينية _v1 |
|
| 650 | 1 | 7 | _aالأغاني الشعبية |
| 650 | 1 | 7 | _aالأدب الشعبي |
| 650 | 1 | 7 | _aالشعر العربي |
| 650 | 1 | 7 | _aفلسطين |
| 942 |
_2ddc _cBK |
||
| 999 |
_c10181 _d10181 |
||